000 00525nam a2200181Ia 4500
999 _c29011
_d29011
003 OSt
005 20210427133331.0
008 190216s9999||||xx |||||||||||||| ||und||
020 _a9788182643130
040 _coclc
082 _a894.8121
_bSAT/A
100 _aSatchidanandan
_97562
245 0 _aAdithattukal /
_cK Satchidanandan
260 _bMathrubhumi Printing & publishing,
_aKozhikode:
_c2006.
300 _a110p
650 _aMalayalam
942 _cBK
_2ddc
_h894.8121
_iSAT/A
_k894.8121
_mSAT/A